History Quiz

Random History or Numbers Quiz
Score 0/54 Timer 07:00
0 Plays Today
Registry Number Name % Correct
CV-6USS Enterprise
93.8%
CVN-65USS Enterprise
93.8%
CVN-76USS Ronald Reagan
90.7%
CVN-77USS George H.W. Bush
89.2%
CVN-68USS Nimitz
87.5%
CVN-72USS Abraham Lincoln
86.7%
CVN-73USS George Washington
86%
CV-67USS John F. Kennedy
85.5%
CV-8USS Hornet
85.1%
CV-12USS Hornet
85.1%
CV-5USS Yorktown
83.2%
CV-10USS Yorktown
83.2%
CVN-69USS Dwight D. Eisenhower
83.1%
CVN-75USS Harry S. Truman
82.2%
CV-3USS Saratoga
81.7%
CV-60USS Saratoga
81.7%
CV-2USS Lexington
81.3%
CV-16USS Lexington
81.3%
CV-7USS Wasp
79.9%
CV-18USS Wasp
79.9%
CV-13USS Franklin
75.6%
CV-41USS Midway
75.6%
CVN-74USS John C. Stennis
75.5%
CVN-70USS Carl Vinson
74.9%
CV-1USS Langley
74.4%
CV-66USS America
73.8%
CV-4USS Ranger
73.4%
Registry Number Name % Correct
CV-61USS Ranger
73.4%
CVN-71USS Theodore Roosevelt
72.5%
CV-59USS Forrestal
71.9%
CV-63USS Kitty Hawk
71.5%
CV-43USS Coral Sea
70.4%
CV-9USS Essex
70.3%
CV-64USS Constellation
66.8%
CV-62USS Independence
65.7%
CV-11USS Intrepid
64.8%
CV-17USS Bunker Hill
62.9%
CV-34USS Oriskany
60.3%
CV-42USS Franklin D. Roosevelt
60.3%
CV-14USS Ticonderoga
58.4%
CV-38USS Shangri-la
58.3%
CV-47USS Philippine Sea
55.6%
CV-31USS Bonhomme Richard
55.1%
CV-37USS Princeton
54.6%
CV-36USS Antietam
54.4%
CV-21USS Boxer
53.8%
CV-32USS Leyte
53.5%
CV-40USS Tarawa
50%
CV-19USS Hancock
48.9%
CV-45USS Valley Forge
48.6%
CV-20USS Bennington
48.3%
CV-33USS Kearsarge
48.1%
CV-15USS Randolph
46.8%
CV-39USS Lake Champlain
45.7%

You're not logged in!

Compare scores with friends on all Sporcle quizzes.
OR
Log In

Sporcle TV

Today on Sporcle TV


Watch our educational content, quiz creation guides, and fun videos on Sporcle TV.

Show Comments

Extras

Top Quizzes Today


Score Distribution

Paid Content

Your Account Isn't Verified!

In order to create a playlist on Sporcle, you need to verify the email address you used during registration. Go to your Sporcle Settings to finish the process.

Report this User

Report this user for behavior that violates our Community Guidelines.

Details: